| 000 | 00712nam a2200229Ia 4500 | ||
|---|---|---|---|
| 008 | 191130s2008##################000#0#eng## | ||
| 020 | _a9780199552290 | ||
| 022 | _a2009290774 | ||
| 040 |
_aACL _cACL |
||
| 082 | _a420.9 RIN | ||
| 100 | _aRinge, Donald A | ||
| 245 |
_aFrom Proto-Indo-European to Proto-Germanic _cDonald Ringe |
||
| 260 |
_aOxford _bOxford University Press _c2008 |
||
| 300 | _avi, 355 p. ; 24 cm | ||
| 500 | _aIncludes bibliographical references (p. [398]-306) and index | ||
| 650 | _aEnglish language - History | ||
| 650 | _aProto-Germanic language | ||
| 650 | _aProto-Indo-European language | ||
| 990 | _afe3193f7ac10000c0c4c7f44a6c3643f | ||
| 991 | _a386741 | ||
| 999 |
_c189330 _d189330 |
||